000 00828nam a2200157 i 4500
001 186419
003 ES-MaACL
005 20230906222651.0
008 161111s1917 xxk |||| | spa d
245 0 3 _aLa nota alemana acerca de la paz y la contestación de los aliados.
260 _aLondres :
_bHayman, Christy & Lilly,
_c1917.
300 _a12 p. ;
_c22 cm.
500 _aEn port.: Texto de la Nota Alemana entregada por el Embajador de los Estados Unidos a Lord Robert Cecil, Secretario Encargado del Despacho de Negocios Extranjeros, el 19 de Diciembre [y] Texto y traducción de la Contestación comunicada por el Gobierno Francés en nombre de las Potencias Aliadas al Embajador de los Estados Unidos en Paris, el 30 de diciembre.
650 0 4 _aGuerra mundial, 1914-1918-
_xPaz.
_913225
852 _aES-MaACL
_j1577-F-24
999 _c186419
_d186419